000 00862nam a2200253 i 4500
001 8788
003 ES-MaACL
005 20230906145530.0
007 t|
008 920930s1991 sp ||||1| spa d
020 _a84-7433-777-1
080 _a551.45(46)
245 0 4 _aLas Estepas ibéricas /
_cFrancisco Suárez Cardona ... [et al.].
260 _aMadrid :
_bMinisterio de Obras Públicas y Transportes, Centro de Publicaciones,
_c1991.
300 _a160 p. :
_bil. ;
_c21 cm.
490 1 _aUnidades temáticas ambientales
504 _aBibliogr.: p. 157-160.
650 1 4 _aEstepas-
_zEspaña.
_912533
700 1 _aSuárez Cardona, Francisco.
_9108591
710 1 _aEspaña.
_bMinisterio de Obras Públicas y Transportes.
_93916
830 0 _aUnidades temáticas ambientales
_9178382
852 _aES-MaACL
_jL-16140
_bR.120860
999 _c8788
_d8788